000 00567nam a22001937a 4500
003 OSt
005 20140310182804.0
008 130214t xxu||||| |||| 00| 0 eng d
020 _a8120703766
050 _aLB 1028.3
_b.Sa27 2006
100 _aSampath, K. A.
245 _aIntroduction to educational technology /
_cK. A. Sampath, Panneerselvam, S. Santhanam.
260 _aNew Delhi :
_b Sterling Publishers,
_c1998.
300 _axi, 367 p. :
_b ill. ;
_c22 cm.
521 _aEDU
650 _aEducational Technology.
942 _2lcc
_cBK
_kFOR
999 _c16044
_d16044